000 01060nam a2200229 a 4500
008 120416s1993 ||||||||||||||||| || u
020 _a0821324012
050 _aIBRD(06)S/1993/2
100 _aKahnert, Friedrich, 1929-
245 1 0 _aGroundwater irrigation and the rural poor: options for development in the Gangetic Basin
_cedited by Friedrich Kahnert and Gilbert Levine
260 _aWashington, D. C.
_bWorld Bank
_c1993
300 _aix, 222p. : ill.
350 _a0.00
490 _aWorld Bank Symposium
650 _aWATER, UNDERGROUND--GANGES RIVER WATERSHED (INDIA AND BANGLADESH)--CONGRESSES
650 _aIRRIGATION--ECONOMIC ASPECTS--GANGES RIVER WATERSHED (INDIA AND BANGLADESH)--CONGRESSES
650 _aRURAL DEVELOPMENT--GANGES RIVER WATERSHED (INDIA AND BANGLADESH)--CONGRESSES
650 _aWATER, UNDERGROUND--NEPAL--CONGRESSES
700 _aLevine, Gilbert
710 _aWorld Bank
995 _D0.00
_FCBU-MAIN LIBRARY (Kitwe)
_H1
_I0.00
_UAVAILABLE
_ZInternational Publications
999 _c44976
_d44976